Engineering management: (Record no. 7501)

MARC details
000 -LEADER
fixed length control field 00709 a2200205 4500
010 ## - LCCN (DPL NO)
LC control number ENG-88024
020 ## - INTERNATIONAL STANDARD BOOK NUMBER
Terms of availability 175.00
International Standard Book Number 8183600042
035 ## - SYSTEM CONTROL NUMBER
System control number EN-71557
037 ## - SOURCE OF ACQUISITION
Source of stock number/acquisition DBAD / PUB
082 14 - DEWEY DECIMAL CLASSIFICATION NUMBER
Classification number 658.5
100 ## - MAIN ENTRY--PERSONAL NAME
Personal name Chauhan, A. S.
245 1# - TITLE STATEMENT
Title Engineering management:
Statement of responsibility, etc by A.S.Chauhan [and] R.S.Vaishwanar
Remainder of title as per the prescribed syllabus for AMIE Section-B and other professional exams.(IITs, RED, BBA, MBA, PGDBM & IETE) /
250 ## - EDITION STATEMENT
Edition statement 3rd rev. ed
260 ## - PUBLICATION, DISTRIBUTION, ETC. (IMPRINT)
Place of publication, distribution, etc New Delhi
Name of publisher, distributor, etc Jain Brothers
Date of publication, distribution, etc 2007
270 ## - ADDRESS
Address 16/873, East Park Road,
City New Delhi
Postal code 110 005
300 ## - PHYSICAL DESCRIPTION
Extent 797p.
Dimensions 22cm (pbk)
500 ## - GENERAL NOTE
General note Includes index
700 ## - ADDED ENTRY--PERSONAL NAME
Personal name Vaishwanar, R.S.
942 ## - ADDED ENTRY ELEMENTS (KOHA)
Institution code [OBSOLETE] dpl
Item type English Books
Source of classification or shelving scheme Dewey Decimal Classification
Classification part 658.5
Call number suffix VAI
Holdings
Withdrawn status Lost status Not for loan Collection code Home library Current library Source of acquisition Cost, normal purchase price Full call number Barcode Copy number Cost, replacement price Koha item type
    Not For Loan Non-fiction D.B.Act.Division D.B.Act.Division DBAD/PUB 175.00 658.5 VAI EN-71557 1 175.00 English Books

© Delhi Public Library
Hit Counter
free hit counter